00353nam a2200109Ia 4500008004100000040001600041041001200057082001500069100002900084245008700113260004300200230917s9999||||xx |||||||||||||| ||und|| e21288aMAIN aEnglish a301.1 A13A aAsante, Molefi Kete, ed. 0aContemporary black thought: Alternative analysis in social and behavioural science aBeverty HillsbSage Publicationsc1980